000 01669nam a2200301 i 4500
001 000004966
003 DO-SdBNP
005 20241106085643.0
007 ta
008 090728s1994 dr c 000 0 spa d
040 _aDO-SdBNP
_bspa
_cBNPHU
_erda
082 _a361.1
_bR696p
_222
100 1 _aRodríguez Taveras, Ramón Isidro
_eautor
_910182
245 1 0 _aProblemas sociales, ecológicos y económicos de R. D. /
_cRamón Isidro Rodríguez Taveras
264 _aSanto Domingo :
_bCorripio,
_c1994.
300 _aXVII, 135 páginas :
_bilustraciones retratos. ;
_c23 cm.
336 _ardacontent
_btexto
_2txt
337 _ardamedia
_bsin mediación
_2n
338 _ardacarrier
_bvolumen
_2nc
505 0 _aPresentación -- La Corporación Dominicana de Electricidad -- Aumento de salarios y reducción del costo de la canasta familiar -- La política de construcción del gobierno actual -- El concurso de obras una economía para el Estado -- Algo de la Ciudad de New York -- El río Yaque del Norte y sus afluentes -- La reforestación en el río Yaque del Norte y sus afluentes -- El Acueducto Cibao Central -- El aeropuerto Cibao, versus desarrollo del Cibao -- Sosúa. Su situación presente y futura en el desarrollo del turismo de la Zona Norte -- El Producto Interno Bruto (PIB). Su impacto en el desarrollo económico.
590 _aInventariado,2024/DG
650 4 _aEcología
_zRepública Dominicana
_96952
650 4 _aProblemas sociales
_zRepública Dominicana
_914293
650 4 _aProtección del medio ambiente
_zRepública Dominicana
_914337
651 4 _aRepública Dominicana
_xCondiciones Económicas
_9281
910 _aDG
942 _2ddc
_cLBS1
999 _c4772
_d4772